| 000 | 01192nam a22003257a 4500 | ||
|---|---|---|---|
| 003 | CHAP | ||
| 005 | 20220329141003.0 | ||
| 008 | 971013s r 00010 d | ||
| 010 | _a60943 | ||
| 011 | _a61915 | ||
| 035 | _a66087 | ||
| 040 | _cCHAP | ||
| 090 | _aR-3557 | ||
| 100 | 0 | 0 |
_aMorales Vidal, Guadalupe. _978442 |
| 245 | _aGerminación del palo loco (Senecio praecox (Cav.) D. C. (Compositae)) en relación con la temperatura de incubación y la presencia del vilano | ||
| 500 | _aFotocopia | ||
| 500 | _aSobretiro de : Tópicos de Investigación y Posgrado. UNAM. Fac. de Estudios Superiores Zaragoza 4 (3) : 169-175, 1995. | ||
| 590 |
_aBATCH-UPD _b10 _c20130109 _lUCH01 _h2355 |
||
| 590 |
_aBATCH-UPD _b10 _c20130110 _lUCH01 _h0422 |
||
| 590 |
_aBATCH-UPD _b10 _c20130409 _lUCH01 _h1928 |
||
| 590 |
_aBATCH-UPD _b10 _c20130410 _lUCH01 _h0425 |
||
| 590 |
_aBATCH-UPD _b10 _c20130914 _lUCH01 _h1830 |
||
| 590 |
_aCONVERSION _b10 _c20130109 _lUCH01 _h1333 |
||
| 650 | 1 | 4 |
_aArbustos _xPropagacion. _96740 |
| 650 | 1 | 4 |
_aSenecio praecox. _9104408 |
| 650 | 1 | 4 |
_aTemperatura _xEfecto en árboles. _9112214 |
| 901 | _aBK | ||
| 942 | _cREIMP | ||
| 949 |
_aR-3557 _bBC _cR _d-151217 _eTS1 _i66087 _si |
||
| 999 |
_c60943 _d60943 |
||